| 000 | 00735nmm a2200241 a 4500 | ||
|---|---|---|---|
| 003 | AR-BaBNM | ||
| 005 | 20251128203359.0 | ||
| 008 | 257019s1926 ||||||||||||||000 | spa|| | ||
| 040 | _cAR-BaBNM | ||
| 100 | 1 | _aVera y González, Emilio | |
| 245 | 1 | 0 |
_aHistoria de la República Argentina _bdesde el gobierno del general Viamonte hasta nuestros días. 3 |
| 260 |
_aBuenos Aires _bLa Facultad _c1926 |
||
| 300 | 0 |
_a427 p. _bil., láms. |
|
| 650 | 4 | _aORGANIZACION NACIONAL | |
| 650 | 4 | _aBATALLA DE CEPEDA 1859 | |
| 650 | 4 | _aPACTO DE SAN JOSE DE FLORES | |
| 650 | 4 | _aBATALLA DE PAVON 1861 | |
| 650 | 4 | _aPRESIDENCIAS ARGENTINAS | |
| 650 | 4 | _aGUERRA DEL PARAGUAY | |
| 650 | 4 | _aREVOLUCION DE 1880 | |
| 942 | _cBK | ||
| 998 | _cmariana | ||
| 999 |
_c3126 _d3126 |
||